000 00326nam a2200121Ia 4500
005 20251222154404.0
008 251222s9999||||xx |||||||||||||| ||spa||
082 _a616.9/F42
100 _aFernández de Navarrete-García, Emilia
245 0 _aLa Salud También Viaja
264 _bUnión Eléctrica Fenisa, S.A.
942 _cLIB
999 _c35420
_d35420